00276nam a2200121Ia 4500008004100000041001200041082001100053100002000064245003700084250000900121260001600130650000800146221030s9999 xx 000 0 und d aEnglish a105.23 aBharti Batra/98 0aCompaint Management System a2005 aJammuc2005 aMCA